The Simpsons: Season 7 Quiz Stats

 Plays Quiz not verified by Sporcle

Score 0/25 Timer 12:00
0 Plays Today
Episode % Correct
Lisa the Vegetarian
91.8%
Treehouse of Horror VI
89.4%
22 Short Films About Springfield
89.4%
King-Size Homer
88.2%
Bart Sells His Soul
87.1%
Homerpalooza
87.1%
Marge Be Not Proud
85.9%
Lisa the Iconoclast
85.9%
Bart on the Road
85.9%
Radioactive Man
84.7%
Bart the Fink
84.7%
Summer of 4 Ft. 2
84.7%
Much Apu About Nothing
81.2%
Episode % Correct
Homer the Smithers
81.2%
Team Homer
80%
A Fish Called Selma
77.6%
Mother Simpson
75.3%
Who Shot Mr. Burns? (Part Two)
71.8%
Two Bad Neighbors
69.4%
Sideshow Bob's Last Gleaming
69.4%
Home Sweet Homediddly-Dum-Doodily
65.9%
Scenes from the Class Struggle in Springfield
65.9%
The Day the Violence Died
65.9%
The Simpsons 138th Episode Spectacular
64.7%
Raging Abe Simpson and His Grumbling Grandson in The Curse of the Flying Hellfish
57.6%

You're not logged in!

Compare scores with friends on all Sporcle quizzes.
Join for Free
OR
Log In

You Might Also Like...

Show Comments

Extras

Top Quizzes Today


Score Distribution

Your Account Isn't Verified!

In order to create a playlist on Sporcle, you need to verify the email address you used during registration. Go to your Sporcle Settings to finish the process.

Report this User

Report this user for behavior that violates our Community Guidelines.

Details: